000 00676nam a22002177a 4500
003 UA-OsUOA
001 128525
007 ta
008 20180117b un ||||| |||| 00| 0 ukr d
100 _aСкрибюк Д. М.
090 _a330(477)
_bС45
942 _cSA
040 _aUA-OsUOA
_bfre
_cUA-OsUOA
_dUA-OsUOA
245 _aНеобхідність впровадження системи фінансового контролінгу в банку
300 _aС.19-22
955 _a0
041 _afre
080 _a330(477)
773 0 _w128521
_tЕкономіка. Фінанси. Право.
_dК.
_d2017
_g11
650 7 _a330 Економіка взагалі
_2UDC
999 _c416016
_d416016